000 00247nam a22000977a 4500
999 _c16206
_d16206
003 OSt
008 200623b ||||| |||| 00| 0 eng d
100 _aC.C Ouseph
_94620
245 _aText book of physics for the pre-degree course, Part-I
942 _cBK